00544nam a2200193 a 4500001001300000003000900013005001700022008004100039020002300080082001900103100001500122245007500137260003600212300000900248500003500257505002500292650001800317700001500335nice12345678IN_TiNIC20260116013039.0050524s1996 newa grp 000 0 eng  a0149848 c29500a362.50954bSAI aSainath, P aEverybody Loves a Good Droughtb Stories from Indias Poorest Districts aNew DelhibPenguin Books c1996 a470p aincludes index and biblioraphy2 aReferences and Index aPoverty-India1 aSainath, P